<?xml version="1.0" encoding="UTF-8"?>
<record
    xmlns:xsi="http://www.w3.org/2001/XMLSchema-instance"
    xsi:schemaLocation="http://www.loc.gov/MARC21/slim http://www.loc.gov/standards/marcxml/schema/MARC21slim.xsd"
    xmlns="http://www.loc.gov/MARC21/slim">

  <leader>01508nam a22003617a 4500</leader>
  <controlfield tag="001">133</controlfield>
  <controlfield tag="003">FISKH</controlfield>
  <controlfield tag="005">20250710101419.0</controlfield>
  <controlfield tag="008">230228b        cb ||||| |||| 00| 0 eng d</controlfield>
  <datafield tag="020" ind1=" " ind2=" ">
    <subfield code="a">0590706357</subfield>
  </datafield>
  <datafield tag="040" ind1=" " ind2=" ">
    <subfield code="a">DLC</subfield>
    <subfield code="c">DLC</subfield>
    <subfield code="d">DLC</subfield>
    <subfield code="d">FISKH</subfield>
    <subfield code="b">eng</subfield>
  </datafield>
  <datafield tag="042" ind1=" " ind2=" ">
    <subfield code="a">pcc</subfield>
  </datafield>
  <datafield tag="050" ind1="0" ind2="0">
    <subfield code="a">PZ7.O81167 </subfield>
  </datafield>
  <datafield tag="082" ind1="0" ind2="0">
    <subfield code="a">813.54</subfield>
  </datafield>
  <datafield tag="100" ind1="1" ind2=" ">
    <subfield code="a">Osborne, Mary Pope.</subfield>
  </datafield>
  <datafield tag="245" ind1="1" ind2="0">
    <subfield code="a">Dolphins at daybreak /</subfield>
    <subfield code="c">by Mary Pope Osborne  ; illustrated by Sal Murdocca.</subfield>
  </datafield>
  <datafield tag="250" ind1=" " ind2=" ">
    <subfield code="a">First Scholastic printing , September 1998</subfield>
  </datafield>
  <datafield tag="260" ind1=" " ind2=" ">
    <subfield code="a">New York :</subfield>
    <subfield code="b">Scholastic</subfield>
    <subfield code="c">1997</subfield>
  </datafield>
  <datafield tag="300" ind1=" " ind2=" ">
    <subfield code="a">67 pages : </subfield>
    <subfield code="b">illustrations ;</subfield>
    <subfield code="c">20 cm</subfield>
  </datafield>
  <datafield tag="490" ind1="0" ind2=" ">
    <subfield code="a">Magic tree house </subfield>
    <subfield code="v">Book 9</subfield>
  </datafield>
  <datafield tag="500" ind1=" " ind2=" ">
    <subfield code="a">This Lexile score is misreported on the back book cover by the publisher. The publisher printed 350 not 540. The publisher was in error.</subfield>
  </datafield>
  <datafield tag="505" ind1=" " ind2=" ">
    <subfield code="a">K</subfield>
  </datafield>
  <datafield tag="520" ind1=" " ind2=" ">
    <subfield code="a">It's sink or swim for Jack and Annie when the Magic Tree House whisks them off to the middle of the ocean. Luckily, they find a mini-submarine on a coral reef. Unluckily, they are about to meet a giant octopus and one very hungry shark. Will the dolphins save the day? Or are Jack and Annie doomed to be dinner?</subfield>
  </datafield>
  <datafield tag="521" ind1="8" ind2=" ">
    <subfield code="a">540 
</subfield>
    <subfield code="b">Lexile</subfield>
  </datafield>
  <datafield tag="521" ind1="8" ind2=" ">
    <subfield code="a">K</subfield>
    <subfield code="b">Raz-Plus</subfield>
  </datafield>
  <datafield tag="650" ind1=" " ind2="0">
    <subfield code="a">Dolphins</subfield>
    <subfield code="v">Juvenile literature.</subfield>
  </datafield>
  <datafield tag="650" ind1=" " ind2="0">
    <subfield code="a">Sharks</subfield>
    <subfield code="v">Juvenile literature.</subfield>
  </datafield>
  <datafield tag="700" ind1="1" ind2=" ">
    <subfield code="a">Boyce, Natalie Pope.</subfield>
  </datafield>
  <datafield tag="700" ind1="1" ind2=" ">
    <subfield code="a">Murdocca, Sal</subfield>
    <subfield code="e">illustrator </subfield>
  </datafield>
  <datafield tag="700" ind1="1" ind2=" ">
    <subfield code="a">Osborne, Mary Pope.</subfield>
    <subfield code="t">Dolphins at daybreak.</subfield>
  </datafield>
  <datafield tag="906" ind1=" " ind2=" ">
    <subfield code="a">7</subfield>
    <subfield code="b">cbc</subfield>
    <subfield code="c">orignew</subfield>
    <subfield code="d">1</subfield>
    <subfield code="e">ecip</subfield>
    <subfield code="f">20</subfield>
    <subfield code="g">y-gencatlg</subfield>
  </datafield>
  <datafield tag="942" ind1=" " ind2=" ">
    <subfield code="2">ddc</subfield>
    <subfield code="c">BK</subfield>
    <subfield code="n">0</subfield>
  </datafield>
  <datafield tag="999" ind1=" " ind2=" ">
    <subfield code="c">133</subfield>
    <subfield code="d">133</subfield>
  </datafield>
  <datafield tag="952" ind1=" " ind2=" ">
    <subfield code="0">0</subfield>
    <subfield code="1">0</subfield>
    <subfield code="2">ddc</subfield>
    <subfield code="4">0</subfield>
    <subfield code="7">0</subfield>
    <subfield code="8">JUVF</subfield>
    <subfield code="a">001</subfield>
    <subfield code="b">001</subfield>
    <subfield code="c">TK Yellow</subfield>
    <subfield code="d">2023-03-02</subfield>
    <subfield code="l">3</subfield>
    <subfield code="o">OSB 813.54 PZ7.O81167 </subfield>
    <subfield code="p">FISTK00182</subfield>
    <subfield code="r">2025-06-10 10:14:51</subfield>
    <subfield code="s">2025-03-14</subfield>
    <subfield code="t">1</subfield>
    <subfield code="w">2023-03-02</subfield>
    <subfield code="y">BK</subfield>
  </datafield>
  <datafield tag="952" ind1=" " ind2=" ">
    <subfield code="0">0</subfield>
    <subfield code="1">0</subfield>
    <subfield code="2">ddc</subfield>
    <subfield code="4">0</subfield>
    <subfield code="7">0</subfield>
    <subfield code="8">JUVF</subfield>
    <subfield code="a">001</subfield>
    <subfield code="b">001</subfield>
    <subfield code="c">TK Yellow</subfield>
    <subfield code="d">2023-03-02</subfield>
    <subfield code="l">3</subfield>
    <subfield code="o">OSB 813.54 PZ7.O81167 </subfield>
    <subfield code="p">FISTKG6A038</subfield>
    <subfield code="r">2025-03-14 11:55:55</subfield>
    <subfield code="s">2025-03-14</subfield>
    <subfield code="t">2</subfield>
    <subfield code="w">2023-03-02</subfield>
    <subfield code="y">BK</subfield>
  </datafield>
  <datafield tag="952" ind1=" " ind2=" ">
    <subfield code="0">0</subfield>
    <subfield code="1">0</subfield>
    <subfield code="2">ddc</subfield>
    <subfield code="4">0</subfield>
    <subfield code="7">0</subfield>
    <subfield code="8">JUVF</subfield>
    <subfield code="a">002</subfield>
    <subfield code="b">002</subfield>
    <subfield code="c">TTP Yellow </subfield>
    <subfield code="d">2023-03-02</subfield>
    <subfield code="l">1</subfield>
    <subfield code="o">OSB 813.54 PZ7.O81167 </subfield>
    <subfield code="p">FISBK00062</subfield>
    <subfield code="r">2025-05-12 08:09:01</subfield>
    <subfield code="s">2025-05-05</subfield>
    <subfield code="t">3</subfield>
    <subfield code="w">2023-03-02</subfield>
    <subfield code="y">BK</subfield>
  </datafield>
  <datafield tag="952" ind1=" " ind2=" ">
    <subfield code="0">0</subfield>
    <subfield code="1">0</subfield>
    <subfield code="2">ddc</subfield>
    <subfield code="4">0</subfield>
    <subfield code="7">0</subfield>
    <subfield code="8">JUVF</subfield>
    <subfield code="a">002</subfield>
    <subfield code="b">002</subfield>
    <subfield code="c">TTP Yellow </subfield>
    <subfield code="d">2023-03-02</subfield>
    <subfield code="l">0</subfield>
    <subfield code="o">OSB 813.54 PZ7.O81167 </subfield>
    <subfield code="p">FISBK00059</subfield>
    <subfield code="r">2023-08-21 16:16:48</subfield>
    <subfield code="t">4</subfield>
    <subfield code="w">2023-03-02</subfield>
    <subfield code="y">BK</subfield>
  </datafield>
  <datafield tag="952" ind1=" " ind2=" ">
    <subfield code="0">0</subfield>
    <subfield code="1">0</subfield>
    <subfield code="2">ddc</subfield>
    <subfield code="4">0</subfield>
    <subfield code="7">0</subfield>
    <subfield code="8">JUVF</subfield>
    <subfield code="a">002</subfield>
    <subfield code="b">002</subfield>
    <subfield code="c">TTP Yellow </subfield>
    <subfield code="d">2023-03-02</subfield>
    <subfield code="l">0</subfield>
    <subfield code="o">OSB 813.54 PZ7.O81167 </subfield>
    <subfield code="p">FISBK00061</subfield>
    <subfield code="r">2023-08-21 16:17:28</subfield>
    <subfield code="t">5</subfield>
    <subfield code="w">2023-03-02</subfield>
    <subfield code="y">BK</subfield>
  </datafield>
  <datafield tag="952" ind1=" " ind2=" ">
    <subfield code="0">0</subfield>
    <subfield code="1">0</subfield>
    <subfield code="2">ddc</subfield>
    <subfield code="4">0</subfield>
    <subfield code="7">0</subfield>
    <subfield code="8">JUVF</subfield>
    <subfield code="a">002</subfield>
    <subfield code="b">002</subfield>
    <subfield code="c">TTP Yellow </subfield>
    <subfield code="d">2023-03-02</subfield>
    <subfield code="l">0</subfield>
    <subfield code="o">OSB 813.54 PZ7.O81167 </subfield>
    <subfield code="p">FIS03332</subfield>
    <subfield code="r">2023-08-21 16:18:33</subfield>
    <subfield code="t">6</subfield>
    <subfield code="w">2023-03-02</subfield>
    <subfield code="y">BK</subfield>
  </datafield>
  <datafield tag="952" ind1=" " ind2=" ">
    <subfield code="0">0</subfield>
    <subfield code="1">0</subfield>
    <subfield code="2">ddc</subfield>
    <subfield code="4">0</subfield>
    <subfield code="7">0</subfield>
    <subfield code="8">JUVF</subfield>
    <subfield code="a">002</subfield>
    <subfield code="b">002</subfield>
    <subfield code="c">TTP Yellow </subfield>
    <subfield code="d">2023-03-02</subfield>
    <subfield code="l">3</subfield>
    <subfield code="o">OSB 813.54 PZ7.O81167 </subfield>
    <subfield code="p">FISBK00060</subfield>
    <subfield code="r">2025-04-10 16:00:17</subfield>
    <subfield code="s">2024-09-04</subfield>
    <subfield code="t">7</subfield>
    <subfield code="w">2023-03-02</subfield>
    <subfield code="y">BK</subfield>
  </datafield>
  <datafield tag="952" ind1=" " ind2=" ">
    <subfield code="0">0</subfield>
    <subfield code="1">0</subfield>
    <subfield code="2">ddc</subfield>
    <subfield code="4">0</subfield>
    <subfield code="7">0</subfield>
    <subfield code="8">JUVF</subfield>
    <subfield code="a">002</subfield>
    <subfield code="b">002</subfield>
    <subfield code="c">TTP Yellow </subfield>
    <subfield code="d">2023-03-02</subfield>
    <subfield code="l">0</subfield>
    <subfield code="o">OSB 813.54 PZ7.O81167 </subfield>
    <subfield code="p">FISBK00058</subfield>
    <subfield code="r">2023-08-21 16:19:27</subfield>
    <subfield code="t">8</subfield>
    <subfield code="w">2023-03-02</subfield>
    <subfield code="y">BK</subfield>
  </datafield>
  <datafield tag="952" ind1=" " ind2=" ">
    <subfield code="0">0</subfield>
    <subfield code="1">0</subfield>
    <subfield code="2">ddc</subfield>
    <subfield code="4">0</subfield>
    <subfield code="7">0</subfield>
    <subfield code="8">JUVF</subfield>
    <subfield code="a">002</subfield>
    <subfield code="b">002</subfield>
    <subfield code="c">TTP Yellow </subfield>
    <subfield code="d">2023-03-02</subfield>
    <subfield code="l">1</subfield>
    <subfield code="o">OSB 813.54 PZ7.O81167 </subfield>
    <subfield code="p">FIS00129</subfield>
    <subfield code="r">2023-12-12 13:05:21</subfield>
    <subfield code="s">2023-12-05</subfield>
    <subfield code="t">9</subfield>
    <subfield code="w">2023-03-02</subfield>
    <subfield code="y">BK</subfield>
  </datafield>
  <datafield tag="952" ind1=" " ind2=" ">
    <subfield code="0">0</subfield>
    <subfield code="1">0</subfield>
    <subfield code="2">ddc</subfield>
    <subfield code="4">0</subfield>
    <subfield code="7">0</subfield>
    <subfield code="8">JUVF</subfield>
    <subfield code="a">002</subfield>
    <subfield code="b">002</subfield>
    <subfield code="c">TTP Yellow </subfield>
    <subfield code="d">2025-07-09</subfield>
    <subfield code="l">0</subfield>
    <subfield code="o">OSB 813.54 PZ7.O81167 </subfield>
    <subfield code="p">2025-1800</subfield>
    <subfield code="r">2025-07-09 15:43:22</subfield>
    <subfield code="t">10</subfield>
    <subfield code="w">2025-07-09</subfield>
    <subfield code="y">BK</subfield>
  </datafield>
  <datafield tag="952" ind1=" " ind2=" ">
    <subfield code="0">0</subfield>
    <subfield code="1">0</subfield>
    <subfield code="2">ddc</subfield>
    <subfield code="4">0</subfield>
    <subfield code="7">0</subfield>
    <subfield code="8">JUVF</subfield>
    <subfield code="a">002</subfield>
    <subfield code="b">002</subfield>
    <subfield code="c">TTP Yellow </subfield>
    <subfield code="d">2025-07-10</subfield>
    <subfield code="l">0</subfield>
    <subfield code="o">OSB 813.54 PZ7.O81167 </subfield>
    <subfield code="p">2025-1806</subfield>
    <subfield code="r">2025-07-10 10:14:16</subfield>
    <subfield code="t">11</subfield>
    <subfield code="w">2025-07-10</subfield>
    <subfield code="y">BK</subfield>
  </datafield>
  <datafield tag="952" ind1=" " ind2=" ">
    <subfield code="0">0</subfield>
    <subfield code="1">0</subfield>
    <subfield code="2">ddc</subfield>
    <subfield code="4">0</subfield>
    <subfield code="7">0</subfield>
    <subfield code="8">JUVF</subfield>
    <subfield code="a">002</subfield>
    <subfield code="b">002</subfield>
    <subfield code="c">TTP Yellow </subfield>
    <subfield code="d">2025-07-11</subfield>
    <subfield code="l">0</subfield>
    <subfield code="o">OSB 813.54 PZ7.O81167 </subfield>
    <subfield code="p">2025-1828</subfield>
    <subfield code="r">2025-07-11 13:55:55</subfield>
    <subfield code="t">12</subfield>
    <subfield code="w">2025-07-11</subfield>
    <subfield code="y">BK</subfield>
  </datafield>
</record>
